000 01035nam a22002897a 4500
001 BR8402867
003 BR-BrBNA
005 20230928091932.0
007 ta
008 230509b bl.||||| |||| 00| 0 por d
040 _aBR-BrBNA
_bpor
_cBiblioteca Nacional de Agricultura
041 _a(Por)
072 _aH10
_b4020
_b7300
090 _ 4020 BR8402867
100 1 _aCarvalho, A.G. de
110 1 _aEscola Superior de Agricultura Luiz de Queiroz, Piracicaba, SP (Brasil)
_0Tese (Mestre em Engenharia Florestal)
245 1 _aSelecao de hospedeiros e determinacao da faixa de temperatura ideal para a criacao do endoparasito de pupas de lepidopteros Brachymeria (B.)ovata (Say 1824)(Hymenoptera, Chalcididae)em laboratorio
260 3 _aPiracicaba, SP (Brasil):
_c1984.
300 _a79 p.
500 _a11 illus.; 43 tables; 25 ref.; Summaries (Eng, Por)
650 _aLEPIDOPTERO
650 _aCONTROLE BIOLOGICO
650 _aHOSPEDEIRO
650 _aBIOLOGIA
909 _a202309
_bLucia
_c55
_dLucia Elande
942 _cBK
999 _c36278
_d36278